[Event "Wch U10 rapid"]
[Site "Batumi"]
[Date "2023.06.08"]
[Round "9"]
[White "Razumovskiy, Platon"]
[Black "Beniosev, Daniel"]
[Result "0-1"]
[WhiteElo "1455"]
[BlackElo "1767"]
[PlyCount "147"]
[EventDate "2023.06.06"]
[EventType "swiss (rapid)"]
[EventRounds "11"]
[EventCountry "GEO"]
[SourceTitle "EXT 2024"]
[Source "ChessBase"]
[SourceDate "2023.10.10"]
[SourceVersion "1"]
[SourceVersionDate "2023.10.10"]
[SourceQuality "1"]
[WhiteTeam "FIDE"]
[BlackTeam "Latvia"]
[BlackTeamCountry "LAT"]

1. e4 c5 2. Nc3 e6 3. g3 Nc6 4. Bg2 g6 5. d3 Bg7 6. Be3 d6 7. Qd2 Rb8 8. Nge2 Nge7 9. Bh6 0-0 10. Bxg7 Kxg7 11. 0-0 b5 12. a3 a5 13. d4 b4 14. axb4 cxb4 15. Nd1 d5 16. exd5 exd5 17. Ne3 Ba6 18. Rfe1 Bxe2 19. Rxe2 Qd6 20. Ree1 Rfd8 21. Re2 Qf6 22. Rd1 a4 23. Ng4 Qd6 24. Ne5 a3 25. Nxc6 Nxc6 26. b3 Ra8 27. Qd3 Qf6 28. Ree1 a2 29. Qf3 Qxf3 30. Bxf3 Nxd4 31. Rxd4 a1Q 32. Rxa1 Rxa1+ 33. Kg2 Rc1 34. Rxb4 Rxc2 35. Rd4 Rc3 36. b4 Rc4 37. Rxd5 Rxd5 38. Bxd5 Rxb4 39. Bf3 f5 40. h4 Kf6 41. Bd5 h6 42. Kh3 g5 43. hxg5+ hxg5 44. Kg2 Rb2 45. Bf3 Ke5 46. Bc6 g4 47. Ba8 f4 48. gxf4+ Kxf4 49. Kf1 Ra2 50. Bd5 Ra5 51. Bc6 Rf5 52. Kg2 Rc5 53. Ba8 Rc2 54. Kf1 Kg5 55. Be4 Rb2 56. Ba8 Kh4 57. Bc6 Rb1+ 58. Kg2 Rc1 59. Ba8 Rc2 60. Kf1 Kh3 61. Bg2+ Kh2 62. Be4 Rc4 63. Bd5 Rd4 64. Bc6 Rf4 65. Ke2 Kg1 66. f3 g3 67. Ke3 Rf6 68. Be4 Kh2 69. f4 g2 70. Bxg2 Kxg2 71. Ke4 Kg3 72. f5 Kg4 73. Ke5 Rxf5+ 74. Kd4 0-1